| 000 | 00839nam a22002177a 4500 | ||
|---|---|---|---|
| 005 | 20210325174641.0 | ||
| 008 | s2539 th tha d | ||
| 020 | _a9748122824 | ||
| 041 | _atha | ||
| 050 | _aPL4165 ร421อ 2539 | ||
| 245 | 1 | 0 | _aอ่านอย่างไรและเขียนอย่างไร ฉบับราชบัณฑิตยสถาน [12th] |
| 260 | 3 |
_aกรุงเทพฯ : _bราชบัณฑิตยสถาน, _c2539 |
|
| 300 |
_a115 หน้า ; _b 21 ซม. |
||
| 650 | 0 | 4 | _aภาษาไทย -- การออกเสียง |
| 650 | 0 | 4 | _aภาษาไทย -- การใช้ภาษา |
| 650 | 0 | 4 | _aภาษาไทย -- ตัวสะกด |
| 850 | _aNALT | ||
| 942 | _cGB | ||
| 997 | _c000000000004602 | ||
| 998 | _aSOPAPORN | ||
| 999 |
_c4602 _d4602 |
||